Rhode Island Counties Quiz - Sudden Death - Statistics

General Stats
  • This quiz has been taken 116 times
  • The average score is 4 of 6
Answers on the Grid
Answers color-coded by a green-red scale on the quiz's grid according to % correct below.
***Free***
Atlantic
Barnstable
Bristol
Essex
Hampden
Hampshire
Kent
Middlesex
Newport
Norfolk
Northampton
Plymouth
Providence
Somerset
Southampton
Suffolk
Washington
 
Answer Stats
Answer % Correct
***Free***
82%
Bristol
81%
Providence
79%
Kent
70%
Newport
70%
Washington
60%
No matching quizzes found
Score Distribution
Percent of People with Each Score
Percentile by Number Answered
Your Score History
You have not taken this quiz